书目信息 |
| 题名: |
Power Query数据清理实战
|
|
| 作者: | ExcelHome 编 ;环球网校经济师考试研究院 组编 | |
| 分册: | ||
| 出版信息: | 北京 北京大学出版社 2020 |
|
| 页数: | 197页 | |
| 开本: | 26cm | |
| 丛书名: | ||
| 单 册: | ||
| 中图分类: | F-42 , F243 , TP391.13 | |
| 科图分类: | ||
| 主题词: | 经济学--资格考试--自学参考资料 , 人力资源管理--资格考试--自学参考资料 , 计算机应用 | |
| 电子资源: | ||
| ISBN: | 978-7-301-31771-6 | |
| 000 | 00960nam0 2200277 450 | |
| 001 | 2141390534 | |
| 005 | 20210103113208.25 | |
| 010 | @a978-7-301-31771-6@dCNY 69.00 | |
| 100 | @a20201116d2020 em y0chiy50 ea | |
| 101 | 0 | @achi |
| 102 | @aCN@b110000 | |
| 105 | @aak z 000yy | |
| 200 | 1 | @aPower Query数据清理实战@APower Query Shu Ju Qing Li Shi Zhan@9ling ji chu guo jing ji shi@b专著@e2020@fExcelHome编@FExcelHome Bian |
| 210 | @a北京@c北京大学出版社@d2020 | |
| 215 | @a197页@c图@d26cm@e1手册(30页;19cm) | |
| 307 | @a附《中级经济师人力资源管理考点速记手册》 | |
| 606 | 0 | @a经济学@x资格考试@j自学参考资料 |
| 606 | 0 | @a人力资源管理@x资格考试@j自学参考资料 |
| 606 | 0 | @a计算机应用 |
| 690 | @aF-42@v5 | |
| 690 | @aF243@v5 | |
| 690 | @aTP391.13@v4 | |
| 701 | 0 | @aExcelHome@4编 |
| 711 | 02 | @a环球网校经济师考试研究院@9huan qiu wang xiao jing ji shi kao shi yan jiu yuan@4组编 |
| 801 | 2 | @aCN@b58marc.cn@c20201118 |
| 905 | @aZUCC@dTP391.13@e79 | |
| Power Query数据清理实战:2020/ExcelHome编.-北京:北京大学出版社,2020 |
| 197页:图;26cm+1手册(30页;19cm) |
| ISBN 978-7-301-31771-6:CNY 69.00 |
| ● |
| 相关链接 |
|
|
|
正题名:Power Query数据清理实战
索取号:TP391.13/79
 
预约/预借
| 序号 | 登录号 | 条形码 | 馆藏地/架位号 | 状态 | 备注 |
| 1 | 2000876222 | 2000876222 | 第二书库/ [索取号:TP391.13/79] | 在馆 | |
| 2 | 2000876223 | 2000876223 | 第二书库/ [索取号:TP391.13/79] | 在馆 | |
| 3 | 2000876224 | 2000876224 | 第二书库/ [索取号:TP391.13/79] | 在馆 |